000 nam a22 7a 4500
999 _c46324
_d46324
003 OSt
005 20190412154427.0
008 190412b xxu||||| |||| 00| 0 eng d
040 _cIIMT UNIVERSITY
100 _aDORNBUSCH RUDIGER
245 _aMACROECNOMICS
260 _aN.DELHI
_bTMH PUB
_c2009
300 _a608
942 _2ddc
_c02
_e2009